000 00448nam a22001817a 4500
003 CEME
005 20210628203132.0
008 210120b xxu||||| |||| 00| 0 eng d
040 _c.
082 _a621.3916 GOD
100 _aGodse, A.P, Godse, D.A
_963534
245 _aDigital system design
250 _a3RD
260 _aINDIA
_bTECH PUBLICATIONS
_c2004
300 _aXVI,685P
650 _aDIGITAL SYSTEM DESIGN
_963535
942 _cBK
_2ddc
999 _c572325
_d572325